A carregar...
Social justice and crime in India (tribals and corrective justice)
| Autor principal: | |
|---|---|
| Formato: | Printed Book |
| Publicado em: |
Jaipur, Sublime publications
1996
|
| Assuntos: |
| LEADER | 005250000a22001570004500 | ||
|---|---|---|---|
| 020 | |a 81-85809-13-5 | ||
| 082 | |a 303.372 095 4 N6 | ||
| 100 | |a Ansari, M A | ||
| 245 | |a Social justice and crime in India (tribals and corrective justice) | ||
| 260 | |a Jaipur, Sublime publications | ||
| 260 | |c 1996 | ||
| 465 | |a R 600 | ||
| 650 | |a Tribal sociology | ||
| 942 | |c BK | ||
| 999 | |c 12428 |d 12428 | ||
| 952 | |0 0 |1 0 |4 0 |6 303_372000000000000_095_4_N6 |7 0 |8 ENG |9 12229 |a MGUL |b MGUL |d 2013-07-16 |e R 600 |l 0 |o 303.372 095 4 N6 |p 28969 |r 2013-07-16 |w 2013-07-16 |y BK | ||